000 00532nam a22001937a 4500
003 OSt
005 20251106081654.0
008 251106b |||||||| |||| 00| 0 eng d
020 _a970-1-1018-7271-0
040 _aDWCL - Main Lib
_cOC
082 _aF R495w 2013
100 _aRice, Anne
245 _aThe Wolves of Midwinter /
_cAnne Rice
260 _aUSA :
_bRandom House LLC,
_cc2013.
300 _a450 pages ;
_c17cm.
490 _aThe Wolf Gift Chronicles
650 _a1. Werewolves - Fiction
942 _2ddc
_cFIC.
_mF
_n0
999 _c5624
_d5624